A dialektikus materialista filozófia és a szaktudományok
Elmentve itt :
| Szerző: | |
|---|---|
| További közreműködők: | |
| Adatforrás: | Philobibl |
| Dokumentumtípus: | Könyv |
| Nyelv: | magyar |
| Megjelent: |
Bp.
Gondolat K.
1959
|
| LEADER | 00368nam a2200121 c 4500 | ||
|---|---|---|---|
| 001 | bibDOK00009008 | ||
| 005 | 20200924120448.7 | ||
| 008 | 060518s1959 hu hun | ||
| 100 | 1 | |a Pavlov, Todor | |
| 245 | 1 | 2 | |a A dialektikus materialista filozófia és a szaktudományok |c Pavlov, Todor ; [ford. Frank Ernő] |
| 260 | |a Bp. |b Gondolat K. |c 1959 | ||
| 300 | |a 161 p. | ||
| 700 | 1 | |a Frank Ernő | |